000 01391cam a22003737a 4500
003 CHAP
005 20220817043638.0
008 000324s1999 mx ab r 00010 spa d
010 _a80518
011 _a81490
020 _a9688845434
035 _a91962
040 _cCHAP
082 0 4 _a338.9
_bA83
100 0 0 _aAvalos Cacho, Gerardo
_ecoord.
_98446
245 1 0 _aCambio tecnológico y desarrollo sostenible en la Selva Lacandona, Chiapas
_c/coord. por Gerardo Avalos Cacho
260 _aMéxico, D.F. :
_bConsejo Nacional de Ciencia y Tecnología,
_c1999.
300 _a415 p. :
_bilus. ; gráfs. ; mapas ; cuadros
590 _aBATCH-UPD
_b10
_c20130110
_lUCH01
_h1144
590 _aBATCH-UPD
_b10
_c20130410
_lUCH01
_h0729
590 _aBATCH-UPD
_b10
_c20130914
_lUCH01
_h0036
590 _aBATCH-UPD
_b10
_c20130914
_lUCH01
_h2134
590 _aCONVERSION
_b10
_c20130109
_lUCH01
_h1345
650 1 4 _aAgricultura
_xChiapas.
_91355
650 1 4 _aAgricultura
_xInnovaciones tecnológicas.
_91565
650 1 4 _aDesarrollo sustentable.
650 1 4 _aEcología agrícola.
_935165
901 _aBK
905 _aGuadalupe Pinto C.
942 _cLIBRO
949 _a338.9 A83
_bBC
_cLIBRO
_d33724000757498
_eLIBRO
_h96749
_i91962
_st
949 _a338.9 A83
_bBC
_cLIBRO
_d33724002215256
_eLIBRO
_fc.3
_h113051
_i91962
_sb
949 _a338.9 A83
_bBC
_cLIBRO
_d33724002215298
_eLIBRO
_fc.2
_h113050
_i91962
_sb
999 _c80518
_d80518